| 000 | 00617nam a2200205Ia 4500 | ||
|---|---|---|---|
| 003 | GCL | ||
| 008 | 140319s9999 xx 000 0 ara d | ||
| 040 |
_aGCL / _cGCL |
||
| 082 | 0 | 4 |
_a530.41 _bر ا |
| 100 | 1 | _aرافت كامل واصف | |
| 245 | 1 | 0 |
_aاساسيات فيزياء الحيوان / _cرافت كامل واصف |
| 260 |
_a[S.N] : _bدار النشر للجامعات المصرية ، _c1995 |
||
| 300 | _a486 ص | ||
| 490 | _a | ||
| 650 | 0 | 4 | _aالفيزياء |
| 650 | 0 | 4 | _aفيزياء الجوامد |
| 650 | 0 | 4 | _aالمادة |
| 650 | 0 | 4 | _aالخواص الطبيعية |
| 942 |
_2ddc _cBK |
||
| 999 |
_c37087 _d37087 |
||